| 000 | 00908cam a22002897a 4500 | ||
|---|---|---|---|
| 001 | 12428320 | ||
| 003 | OSt | ||
| 005 | 20170313161623.0 | ||
| 008 | 001019s2000 enka b 001 0 eng d | ||
| 010 | _a 2001347098 | ||
| 020 | _a0748738959 | ||
| 035 | _a(OCoLC)ocm45196523 | ||
| 040 |
_aTEF _cTEF _dDLC |
||
| 042 | _alccopycat | ||
| 050 | 0 | 0 |
_aRT71 _b.Q56 2000 |
| 082 |
_aWY 18 _bQ4p 2000 |
||
| 100 | 1 |
_aQuinn, Francis M. _911818 |
|
| 245 | 1 | 4 |
_aThe principles and practice of nurse education / _cFrancis M. Quinn. |
| 250 | _a4th ed. | ||
| 260 |
_aCheltenham, U.K. : _bStanley Thornes, _c2000. |
||
| 300 |
_ax, 581 p. : _bill. ; _c25 cm. |
||
| 504 | _aIncludes bibliographical references and index. | ||
| 650 | 0 |
_aNursing _xStudy and teaching. _911785 |
|
| 906 |
_a7 _bcbc _ccopycat _d2 _encip _f20 _gy-gencatlg |
||
| 942 |
_2z _cO_SHELF |
||
| 999 |
_c5679 _d5679 |
||